000 00543nam a2200193Ia 4500
005 20260120124545.0
008 008 260114s9999 xx 000 0 eng d
020 _a9781781902103
037 _aEBOOK
040 _aCRL
_beng
_cCRL
041 _aeng
_2eng
084 _qCRL
245 0 _aLuxury Fashion and Culture
260 _bEmerald Publishing
_c2013
700 _aArch G. Woodside
_9907741
856 _uhttps://www.emerald.com/insight/publication/doi/10.1108/S1871-3173(2013)7
942 _cEBOOK
999 _c1499625
_d1499625